000 01569nam a2200373 c 4500
003 BLK
005 20180422104453.0
008 180408b bul|||||r ||||||| ||bul||
010 _aKNG00093117000
040 _aBLK
041 _aBUL
_cBUL
072 7 _2bullib
_aН86
_xДетска отраслова литература Н
080 _aВъзпитание на грижливо отношение към природата
_b502:37
_x(02.062)
_z502:37(02.062)
700 1 _aДимитрова, Виолета
_eтекст
_9372427
700 1 _aКушева, Десислава
_eграф. дизайн
_9303177
710 1 _aEYTAE
_91716
139 _aEYTAE
_bE 98
245 1 0 _aEco Smart / Fact Book
_bИнтересни факти ; Умни съвети
_cтекст Виолета Димитрова; граф. дизайн Десислава Кушева.
257 _aBGR
260 София
_bYTAE Bulgaria
_cб. г.
300 _a24 с. цв. ил.
_c11Х16 см
380 _a5
500 _aДруги авт. М. Димитров, М. Венкова, П. Попов, Д. Янкова.
650 4 _aЕкологично възпитание - България
_9252025
650 4 _aОколна среда - България - опазване
_9243221
653 _aекологично възпитание
653 _aопазване на околната среда
659 _aН
852 _aЦб І 34308
856 4 _qpdf
_u
856 4 _qpdf
_u
942 _cKNG
_n0
944 _aCR
_c30.03.2012
_lф /
_kЛюдмила_Стоянова
944 _aED
_c15.07.2013
_lф /
_k
999 _c88452
_d88452